Shiksha tattva adhyayan (Record no. 2145)

MARC details
000 -LEADER
fixed length control field 00476cam a2200193ua 4500
001 - CONTROL NUMBER
control field 2285
005 - DATE AND TIME OF LATEST TRANSACTION
control field 20260515113453.0
008 - FIXED-LENGTH DATA ELEMENTS--GENERAL INFORMATION
fixed length control field 110805n ii |||gr||||Z||||||asm
040 ## - CATALOGING SOURCE
Transcribing agency MAIN
082 ## - DEWEY DECIMAL CLASSIFICATION NUMBER
Classification number 370.1
100 ## - MAIN ENTRY--PERSONAL NAME
Personal name Baruah, Jatin ,
Relator term Author.
245 1# - TITLE STATEMENT
Title Shiksha tattva adhyayan
Statement of responsibility, etc. by Jatin Baruah
250 ## - EDITION STATEMENT
Edition statement 4th.
260 ## - PUBLICATION, DISTRIBUTION, ETC.
Place of publication, distribution, etc. Guahati:
Name of publisher, distributor, etc. Lawyers book stall,996.
300 ## - PHYSICAL DESCRIPTION
Extent 470p:
Dimensions 23cm.
653 ## - INDEX TERM--UNCONTROLLED
Uncontrolled term Education
653 ## - INDEX TERM--UNCONTROLLED
Uncontrolled term Shiksha tattva adhyayan
942 ## - ADDED ENTRY ELEMENTS (KOHA)
Koha item type Books
Holdings
Withdrawn status Lost status Damaged status Not for loan Home library Current library Shelving location Date acquired Total checkouts Full call number Barcode Date last seen Copy number Price effective from Koha item type
        Naharkatiya College Library Naharkatiya College Library General stacks 09/19/2020   370.1 | BAR 11562 09/19/2020 1 09/19/2020 Books